| 000 | 00438pab a2200169 454500 | ||
|---|---|---|---|
| 008 | 180718b2001 xxu||||| |||| 00| 0 eng d | ||
| 100 | _aGastrow, Peter | ||
| 245 | _aIn search of safety: police transformation and public responses in South Africa | ||
| 260 | _c2001 | ||
| 300 | _ap.259-75 | ||
| 362 | _aWinter | ||
| 650 | _aPolice - South Africa | ||
| 650 | _aPolice | ||
| 700 | _aShaw, Mark | ||
| 773 | _aDaedalus | ||
| 909 | _a47928 | ||
| 999 |
_c47928 _d47928 |
||